000 01962cam a22001814a 4500
005 20250605164056.0
008 250528s ||||||||||||||||||||||||d
035 _a17479
040 _aGR-AtMCL
_bgre
_dGR-AtMCL
_eAACR2
245 1 _aΤο Δικαίο της Ιδιωτικής Ασφάλισης / Ιδιωτικές Επιχειρήσεις Ασφάλισης - Διαμεσολάβηση στις Ασφαλιστικές Συμβάσεις - Ασφάλιση Αστικής Ευθύνης από Ατυχήματα Αυτοκινήτων - Επιχειρήσεις Ασφάλισης Πλοίων και Αεροσκαφών - Ενημέρωση μέχρι και το ΠΔ 252/1996
260 _bAllyn And Bacon,
_c1997
300 _a317
520 _aΑσφαλιστική Σύμβαση και Τροποποιήσεις της Νομοθεσίας για την Ιδιωτική Ασφάλιση και Άλλες Διατάξεις, Ασφαλιστική Σύμβαση, Γενικές Διάταξεις, Ασφάλιση Ζημιών, Είδη Ασφάλισης Ζημιών, Ασφάλιση Προσώπων, Ασφάλιση Ζωής, Ασφάλιση Ατυχημάτων και Ασθενειών, Τροποποιήσεις της Νομοθεσίας για την Ιδιωτική Ασφάλιση, Περί Ιδιωτικής Επιχειρήσεως Ασφαλίσεως, Διαμεσολάβηση στις Συμβάσεις Ιδιωτικής Ασφάλισης και Άλλες Διατάξεις, Περί Υποχρεωτικής Ασφαλίσεως της Εξ Ατυχημάτων Αυτοκινήτων Αστικής Ευθύνης, Περί Ιδιωτική Επιχειρήσεως Ασφαλίσεως Πλοίων και Αεροσκαφών, Ενιαίο Αλφαβητικό Ευρετήριο.
700 1 _aΓεωργακοπούλος Λεωνίδας Ν
_93615
942 _cBK
999 _c2888
_d2888